1794 1292 1614 1581 1865 1297 1875 1289 1988 1838 1961 1002 1819 1980 1890 1232 1773 1429 1108 1581 1053 1341 1676 1543 1727 1059 1859 1647 1370 1828 1438 1943 1585 1598 1382 1666 1057 1363 1637 1397 1287 1051 1519 1823 1324 1148 1711 1975 1463 1989 1751 1280 1662 1543 1551 1663 1397 1984 1414 1806 1457 1501 1045 1463 1047 1353 1106 1607 1278 1066 1090 1667 1445 1404 1456 1597 1164 1081 1572 1718 1996 1417 1705 1869 1175 1812 1665 1753 1128 1969 1366 1499 1663 1739 1124 1855 1528 1220 1296 BCNSPRNW ULIB Ver.6.0+V

เปลี่ยนเป็นภาษาไทย

Change to English
 แสดงรายละเอียดบรรณานุกรม
  กลับหน้าหลัก

Brief Record : Get Marc (ISO 2709) : E-mail record : QR code < ปิดหน้าต่าง
LEADER : 00000nam 2200000uu 4500
001    13399112297
003     ULIB
008    110627s2549||||th 000 0 tha d
020    9789749916883
090    นว.^bม963ป 2549
100 0  ไมค์ เกล
245 00 ปีนี้ไม่อยากโสด/^cไมค์ เกล
250    พิมพ์ครั้งที่ 1
260    กรุงเทพฯ :^bแพรวสำนักพิมพ์,^c2549
300    358 หน้า
710 1  แพรวสำนักพิมพ์
945    ^p245^l0^i020300
995    ทศพร
999 ^a ใช้งานได้ทุกระบบ
รายการนี้ยังไม่มีแท็ก
คุณยังไม่ได้ล็อกอิน คุณสามารถมีกิจกรรมร่วมกับเว็บไซต์ได้ แต่ต้องล็อกอินก่อน ::
  ล็อกอิน

รายการสื่อสารสนเทศ

ลำดับที่ ประเภท เลขเรียก/บาร์โค้ด สถานที่ สถานะ
- ไม่พบข้อมูล -

BibComment


ยังไม่เคยถูกคอมเมนท์

คอมเมนท์ทรัพยากรรายการนี้
  คอมเมนท์: ปีนี้ไม่อยากโสด ไ..


 Copyright 2026. Bcnsprnw @Library